| 000 | 00599nam a2200181Ia 4500 | ||
|---|---|---|---|
| 008 | 090124s9999 xx 000 0 und d | ||
| 082 |
_b27704 _a1965 |
||
| 100 | _aरणसिंग ना. बा. / रणसिंग मोहन | ||
| 245 | _a ठाकरवाडी | ||
| 250 | _a1 | ||
| 260 | _c1994 | ||
| 300 | _a173 | ||
| 600 | _aरणसिंग ना. बा. / रणसिंग मोहन | ||
| 630 | _a ठाकरवाडी | ||
| 700 | _aरणसिंग ना. बा. / रणसिंग मोहन | ||
| 730 | _a ठाकरवाडी | ||
| 942 | _cBOOK | ||
| 999 |
_c141169 _d141169 |
||